Physics for scientists and engineers, with modern physics (Record no. 4478)

000 -LEADER
fixed length control field 00599 a2200193 4500
020 ## - INTERNATIONAL STANDARD BOOK NUMBER
International Standard Book Number 0534408443
020 ## - INTERNATIONAL STANDARD BOOK NUMBER
International Standard Book Number 0534409490
020 ## - INTERNATIONAL STANDARD BOOK NUMBER
International Standard Book Number 053440846X
040 ## - CATALOGING SOURCE
Original cataloging agency DLC
Language of cataloging DLC
100 1# - MAIN ENTRY--PERSONAL NAME
Personal name Serway, Raymond A.
245 10 - TITLE STATEMENT
Title Physics for scientists and engineers, with modern physics
Remainder of title Raymond A. Serway, John W. Jewett, Jr
250 ## - EDITION STATEMENT
Edition statement 6th ed.
260 ## - PUBLICATION, DISTRIBUTION, ETC.
Place of publication, distribution, etc. Belmont, CA :
Name of publisher, distributor, etc. Thomson-Brooks/Cole,
Date of publication, distribution, etc. c2004.
300 ## - PHYSICAL DESCRIPTION
Extent 2 v. xxiii, 1552, 64, 4, 28 p. :
Other physical details ill. (some col.), col. map ;
Dimensions 29 cm.
500 ## - GENERAL NOTE
General note Includes index.
650 #0 - SUBJECT ADDED ENTRY--TOPICAL TERM
Topical term or geographic name entry element Physics.
700 1# - ADDED ENTRY--PERSONAL NAME
Personal name Jewett, John W.
942 ## - ADDED ENTRY ELEMENTS (KOHA)
Koha item type Book
Call number prefix 530 SER
Source of classification or shelving scheme
Holdings
Withdrawn status Lost status Damaged status Not for loan Collection code Permanent Location Current Location Shelving location Date acquired Source of acquisition Cost, normal purchase price Total Checkouts Total Renewals Full call number Barcode Date last seen Date last checked out Price effective from Koha item type
          Central Library (CL) Central Library (CL) General Stacks 02/28/2007 Allied Book Company 701.10 20 13 530 SER SEECS008185 01/26/2026 09/12/2025 01/05/2017 Book
© 2023 Central Library, National University of Sciences and Technology. All Rights Reserved.